Представление документа в формате RUSMARC

ПолеНазваниеЗначение
  Тип записи a
  Библиографический уровень m
001 Контрольный номер SKBR/04cfffc1-10de-49a5-bec7-69befaf8e570
005 Дата корректировки 20230110143100.3
010 Индекс ISBN __
a ISBN 978-5-406-06582-2
b Уточнения в пер.
9 Тираж 500 экз.
d Цена 783-00
100 Данные общей обработки __
a Данные общей обработки 20201028d2021 ma y0rusy028902 ca
101 Язык документа 0_
a Язык текста rus
102 Страна публикации __
a Страна публикации RU
105 Кодированные данные (монография) __
a Кодированные данные (монография) y z 000yy
181 Поле кодированных данных: вид содержания _0
a Код вида содержания (ISBD) i
182 Поле кодированных данных: тип средства _0
a Код типа средства (ISBD) n
200 Заглавие и сведения об ответственности 1_
a Заглавие Правовая политика современной России в вопросах и ответах
e Сведения, относящиеся к заглавию учебное пособие для направления бакалавриата и магистратуры "Политология"
f Первые сведения об ответственности А. В. Малько, В. В. Субочев
g Последующие сведения об ответственности МГИМО Университет
203 Вид содержания и тип средства __
a Вид содержания Текст
c Тип средства непосредственный
210 Выходные данные 1_
a Место издания Москва
c Издательство КноРус
d Дата издания 2021
215 Физическое описание __
a Объем 188 с.
d Формат 22 см
225 Серия 2_
a Серия Бакалавриат
320 Библиография __
a Библиография Библиография: с. [181]-188 и в подстрочных примечаниях
330 Аннотация __
a Аннотация В наглядной форме и требуемом объеме представлен материал, необходимый для эффективного изучения основ правовой политики современной России в различных сферах. Информация представлена в виде конкретных ответов на конкретные вопросы и систематизирована в предельно сжатом и доступном для понимания формате. Учебное пособие базируется на масштабных научных исследованиях авторов, новейшем российском законодательстве и сложившейся юридической практике. Соответствует ФГОС ВО последнего поколения. Для студентов бакалавриата и магистратуры, обучающихся по направлениям "Политология", "Юриспруденция" и "Государственное и муниципальное управление".
606 Тематические рубрики __
a Основная рубрика Право
2 Код системы nlr_sh
606 Тематические рубрики __
2 Код системы nlr_sh
a Основная рубрика Общая теория права
y Географическая подрубрика Россия
y Географическая подрубрика Российская Федерация
610 Ключевые слова 0_
a Ключевые слова российское право
610 Ключевые слова 0_
a Ключевые слова правовая система
610 Ключевые слова 0_
a Ключевые слова правовая политика
610 Ключевые слова 0_
a Ключевые слова правовая жизнь
610 Ключевые слова 0_
a Ключевые слова субъекты правовой политики
610 Ключевые слова 0_
a Ключевые слова правовые средства
610 Ключевые слова 0_
a Ключевые слова правотворчество
610 Ключевые слова 0_
a Ключевые слова правоприменение
610 Ключевые слова 0_
a Ключевые слова правоинтерпретационная форма реализации
610 Ключевые слова 0_
a Ключевые слова национальные проекты
610 Ключевые слова 0_
a Ключевые слова правовое регулирование
686 Индексы других классификаций __
2 Код системы rubbks
a Классификационный индекс 67.0я73
700 Автор _1
a Фамилия Малько
b Имя А. В.
g Полное личное имя Александр Васильевич
f Даты 1958-
4 Код отношения 070
701 Альтернативная интеллектуальная ответственность _1
a Фамилия Субочев
b Имя В. В.
g Полное личное имя Виталий Викторович
f Даты 1979-
4 Код отношения 070
712 Наименование организации (Вторичная ответственность) 02
a Организация/ юрисдикция Московский государственный институт международных отношений (Университет) МИД России
801 Источник записи _2
b Организация Тюменская ОНБ
a Страна RU
c Дата составления 20201028
g Правила каталогизации PSBO
801 Источник записи _1
b Организация Тюменская ОНБ
a Страна RU
c Дата составления 20201124
g Правила каталогизации PSBO
852 Данные о местонахождении __
i Авторский знак М 21
j Шифр хранения 67.0я73
900 Макрообъекты __
a Макрообъекты Правовая политика современной России в вопросах и ответах. Малько, А. В., 2021
901 Тип документа __
a Ответственный КиК/Обаева
t Тип документа m
903 Характеристики (МАРС) __
a Дата передачи 20220621
c Наименование библиотеки (МАРС) Муниципальное бюджетное учреждение культуры "Централизованная библиотечная система" г. Сургут (Центральная городская библиотека им. А. С. Пушкина)
969 Тип издания __
a Тип издания учебное пособие
990 Данные о заказе (DOS) __
j Количество экземпляров (DOS) 1
t N записи в КСУ для И/У (DOS) 202206